Normal view
MARC view
Entry Personal Name
001 - CONTROL NUMBER
- control field: 162482
003 - CONTROL NUMBER IDENTIFIER
- control field: OSt
005 - DATE AND TIME OF LATEST TRANSACTION
- control field: 20220923212437.0
008 - FIXED-LENGTH DATA ELEMENTS
- fixed length control field: 220923|| aca||aabn | a|a d
040 ## - CATALOGING SOURCE
- Original cataloging agency: OSt
- Transcribing agency: OSt
100 ## - HEADING--PERSONAL NAME
- Personal name: लेर्मोन्तोव, म यू
670 ## - SOURCE DATA FOUND
- Source citation: Work cat.: (OSt)308656: लेर्मोन्तोव, म यू, हमारे युग का एक नायक, राजेन्द्र यादव अनु , 1966
